[Event "Urals-ch 74th"]
[Site "Khanty-Mansiysk"]
[Date "2016.03.24"]
[Round "2"]
[White "Shariyazdanov, Andrey"]
[Black "Solovjev, Nikolay1"]
[Result "1-0"]
[WhiteElo "2514"]
[BlackElo "2298"]
[PlyCount "101"]
[EventDate "2016.03.23"]
[EventType "swiss"]
[EventRounds "9"]
[EventCountry "RUS"]
[SourceTitle "CBM 171 Extra"]
[Source "ChessBase"]
[SourceDate "2016.04.26"]
[SourceVersion "1"]
[SourceVersionDate "2016.04.26"]
[SourceQuality "1"]

1. Nf3 Nf6 2. c4 g6 3. Nc3 Bg7 4. e4 d6 5. d4 0-0 6. Be2 c5 7. 0-0 cxd4 8. Nxd4 Nc6 9. Be3 Bd7 10. f3 Nxd4 11. Bxd4 a5 12. Rc1 Bc6 13. b3 Nd7 14. Bf2 Nc5 15. Qd2 Qb6 16. Nb5 Rfc8 17. Rfd1 Qd8 18. Nd4 h5 19. Rb1 Kh7 20. Be3 Qf8 21. a3 Bh6 22. b4 axb4 23. axb4 Na4 24. Nxc6 bxc6 25. Rb3 c5 26. b5 Nb6 27. f4 Ra4 28. Rc1 Bg7 29. Qd3 Rca8 30. Qd1 Qc8 31. f5 Ra1 32. Rbb1 Rxb1 33. Rxb1 Ra3 34. Bg5 Qb7 35. Bd3 Be5 36. Qf3 Kg7 37. fxg6 Kxg6 38. Bc1 Ra2 39. Qf5+ Kg7 40. Qxh5 Bd4+ 41. Kh1 Rf2 42. Bh6+ Kg8 43. Qg4+ Kh8 44. e5 Bxe5 45. Be3 Ra2 46. Rf1 Bf6 47. Be4 Qa7 48. Qf5 Kg7 49. Bh6+ Kxh6 50. Qh7+ Kg5 51. Rf5+ 1-0